000 00959cam a22002171 4500
001 e 13000994
003 DLC
005 20260227111159.0
008 761214s1910 ag ach 00110 spa
010 _ae 13000994 //r913
040 _aDLC
_cMChB
_dDLC
050 0 0 _aLA541
_b.R3
100 1 0 _aRamos, Juan P.
_q(Juan Pedro),
_d1878-1959.
245 0 0 _aHistoria de la instrucción primaria en la República Argentina 1810-1910
_b(atlas escolar)
_cproyectada por el presidente del Consejo nacional de educación, Dr. José María Ramos Mejía, comp. y redactada por Juan P. Ramos...
260 0 _aBuenos Aires,
_bJ. Peuser,
_c1910.
300 _a2 v.
_billus. (incl. ports.) facsims., fold. tab.
_c28 cm.
500 _aAt head of title: Consejo nacional de educación. Conmemoración del centenario de 1810.
504 _a"Bibliografia": vol. I, p. [613]-615.
650 0 _aEducation
_zArgentina
_xHistory.
710 2 0 _aConsejo Nacional de Educación (Argentina)
999 _c19510
_d19510